|
|
|
|
| LEADER |
00000nam a22000007a 4500 |
| 005 |
20181228194454.0 |
| 007 |
cr|||| |||| |
| 008 |
181228s2018 es |||||s|||| 00||0 spa d |
| 020 |
|
|
|a 978-84-9148-850-7
|
| 035 |
|
|
|a 22629
|
| 040 |
|
|
|a vLex
|
| 090 |
|
|
|c 8393
|d 8393
|
| 100 |
1 |
|
|a Fayos Gard,̤ Antonio
|
| 245 |
1 |
0 |
|a Derecho civil
|h [Recurso electrn̤ico] :
|b manual de derecho de obligaciones y contratos /
|c Antonio Fayos Gard̤
|
| 256 |
|
|
|a Servicio en ln̕ea
|
| 260 |
|
|
|a Madrid:
|b Dykinson,
|c 2018
|
| 300 |
|
|
|a 1 recurso electrn̤ico
|
| 500 |
|
|
|a Dentro de los planes de estudios de la carrera de derecho (licenciatura o grado) y en lo que refiere a la asignatura de derecho civil, tradicionalmente se estudia el derecho de obligaciones y contratos despuš de haber estudiado la Parte General y el Derecho de la Persona. Una vez se conoce qu ̌es el derecho, su finalidad, sus fuentes, las caracters̕ticas bs̀icas de las normas jurd̕icas, etc., y se sabe que la razn̤ bs̀ica de la existencia del derecho es la persona y su proteccin̤, se empiezan ya a estudiar instituciones tan importantes para el trf̀ico jurd̕ico y, en suma, para la relacin̤ entre los seres humanos, como son las obligaciones y en especial los contratos, que, como veremos, son las obligaciones ms̀ importantes, por su nm︢ero y utilizacin̤. As ̕la asignatura se divide en dos partes; en la primera se estudian las caracters̕ticas bs̀icas del derecho de obligaciones, para acabar estudiando las obligaciones extracontractuales (la llamada responsabilidad civil o ms̀ ampliamente tambiň denominado derecho de daǫs); en la segunda parte se estudian las obligaciones ms̀ tp̕icas o usuales, como son los contratos...
|
| 506 |
1 |
|
|a Disponible solo en los productos indicados
|d vLex Global
|d vLex Global (Academic Edition, excluding Law Schools)
|d vLex Global (U.S. Academic Edition, Law Schools)
|d vLex Global (U.S. Academic Edition, excluding Law Schools)
|d vLex Global (Academic Edition, Law Schools)
|
| 650 |
0 |
4 |
|a Obligaciones y Contratos
|z Espaą
|
| 740 |
0 |
|
|a vLex Libros (Servicio en ln̕ea)
|
| 856 |
4 |
0 |
|u http://vlex.com/source/derecho-civil-manual-de-derecho-de-obligaciones-y-contratos-22629
|z Acceso restringido
|
| 942 |
|
|
|c BOOK
|
| 999 |
0 |
|
|a Obligations and Contracts
|